Compilation of foreign collaboration approvals: (Record no. 17357)
[ view plain ]
| 000 -LEADER | |
|---|---|
| fixed length control field | 00551nam a22001457a 4500 |
| 008 - FIXED-LENGTH DATA ELEMENTS--GENERAL INFORMATION | |
| fixed length control field | 230331b |||||||| |||| 00| 0 eng d |
| 040 ## - CATALOGING SOURCE | |
| Original cataloging agency | National Science Library |
| Transcribing agency | National Science Library |
| 080 ## - UNIVERSAL DECIMAL CLASSIFICATION NUMBER | |
| Universal Decimal Classification number | R339.9 |
| Item number | P2 |
| 245 ## - TITLE STATEMENT | |
| Title | Compilation of foreign collaboration approvals: |
| Remainder of title | Prepared under the national register of foreign collaborations |
| Statement of responsibility, etc. | / Ministry of Science & Technology |
| 260 ## - PUBLICATION, DISTRIBUTION, ETC. | |
| Place of publication, distribution, etc. | New Delhi: |
| Name of publisher, distributor, etc. | Ministry of Science & Technology, |
| Date of publication, distribution, etc. | 2000 |
| 300 ## - PHYSICAL DESCRIPTION | |
| Extent | viii, 675p. |
| 650 ## - SUBJECT ADDED ENTRY--TOPICAL TERM | |
| Topical term or geographic name entry element | World Economy |
| 653 ## - INDEX TERM--UNCONTROLLED | |
| Uncontrolled term | Foreign trade |
| 942 ## - ADDED ENTRY ELEMENTS (KOHA) | |
| Source of classification or shelving scheme | Universal Decimal Classification |
| Koha item type | Reference |
| Withdrawn status | Lost status | Source of classification or shelving scheme | Damaged status | Not for loan | Collection | Home library | Current library | Shelving location | Date acquired | Total Checkouts | Full call number | Barcode | Date last seen | Price effective from | Koha item type |
|---|---|---|---|---|---|---|---|---|---|---|---|---|---|---|---|
| Universal Decimal Classification | Reference | National Science Library | National Science Library | GF/RK-25/C-5/R-3 | 27/12/2002 | R 339.9 P2 | 180351 | 31/03/2023 | 27/12/2002 | Reference |